Nájom nebytových priestorov vo svetle daní z príjmov

Vymedzenie príjmu z nájmu nebytových priestorov. Nájom nebytových priestorov na účely dane z príjmov. Predmet nájmu nebytových priestorov. Čiastkový základ dane z príjmov z nájmu nebytových priestorov. Príjem daňových nerezidentov z nájmu nebytových priestorov. Nájomné ako zdaniteľný príjem prenajím...

Full description

Saved in:
Bibliographic Details
Main Author: Pantlová, Elena
Format: Book Chapter
Language:Slovak
Subjects:
Tags: Add Tag
No Tags, Be the first to tag this record!

MARC

LEADER 00000naa a2200000 4500
001 r034022
005 20230919084202.0
041 0 |a slo 
044 |a SK 
245 1 0 |a Nájom nebytových priestorov vo svetle daní z príjmov  |c Elena Pantlová 
520 |a Vymedzenie príjmu z nájmu nebytových priestorov. Nájom nebytových priestorov na účely dane z príjmov. Predmet nájmu nebytových priestorov. Čiastkový základ dane z príjmov z nájmu nebytových priestorov. Príjem daňových nerezidentov z nájmu nebytových priestorov. Nájomné ako zdaniteľný príjem prenajímateľa. Plnenie nájomného vo forme technického zhodnotenia. Odpisovanie nebytového priestoru ako hmotného majetku. Technické zhodnotenie. Ostatné daňovo uznané výdavky daňovníka. Príklady. 
610 2 0 |a priestory nebytové 
610 2 0 |a dane z príjmov 
610 2 0 |a prenájom 
610 2 0 |a nájomné 
610 2 0 |a príjmy 
610 2 0 |a majetok hmotný 
610 2 0 |a odpisy 
610 2 0 |a odpisy daňové 
610 2 0 |a daňovníci 
610 2 0 |a zhodnotenie majetku 
100 1 |a Pantlová, Elena